| 000 -LEADER |
| fixed length control field |
01175nam a2200205Ia 4500 |
| 001 - CONTROL NUMBER |
| control field |
14629 |
| 003 - CONTROL NUMBER IDENTIFIER |
| control field |
GE_BSU |
| 008 - FIXED-LENGTH DATA ELEMENTS--GENERAL INFORMATION |
| fixed length control field |
181216s||||||||xx |||||||||||||| ||und|| |
| 040 ## - CATALOGING SOURCE |
| Transcribing agency |
GE_BSU |
| 080 ## - UNIVERSAL DECIMAL CLASSIFICATION NUMBER |
| Universal Decimal Classification number |
821.353.1+821.353.1-32 |
| 100 ## - MAIN ENTRY--PERSONAL NAME |
| Personal name |
ლორთქიფანიძე,ნიკო |
| 245 ## - TITLE STATEMENT |
| Title |
თხზულებანი 4 ტომად. [ბ.ჟღენტის შესავ. წერილით ”ნიკო ლორთქიფანიძე”]. მოთხრობები ტ.1 1905-1913 |
| 245 ## - TITLE STATEMENT |
| Statement of responsibility, etc. |
სარედ. კოლ.მ.ლორთქიფანიძე, გ. გვერდწითელი, გ. მიქაძე და სხვა. ტომი გამოსაც. მოამზ. ვარიანტები და შენიშვნ. დაურთო ს. ყუბანეიშვილმა. ტომის რედ. გ.გვერდწითელი |
| 260 ## - PUBLICATION, DISTRIBUTION, ETC. |
| Place of publication, distribution, etc. |
თბილისი |
| 260 ## - PUBLICATION, DISTRIBUTION, ETC. |
| Name of publisher, distributor, etc. |
საბჭოთა საქართველო |
| 260 ## - PUBLICATION, DISTRIBUTION, ETC. |
| Date of publication, distribution, etc. |
1973 |
| 300 ## - PHYSICAL DESCRIPTION |
| Extent |
513გვ.1ფ.პორტრ.21სმ. |
| 653 ## - INDEX TERM--UNCONTROLLED |
| Uncontrolled term |
მოთხრობები |
| 942 ## - ADDED ENTRY ELEMENTS (KOHA) |
| Koha item type |
წიგნი |